Algunas apreciaciones aritméticas sobre el fracaso y el abandono escolar en España (Record no. 151798)
[ view plain ]
| 000 -CABECERA | |
|---|---|
| campo de control de longitud fija | 00555nab a2200193 a 4500 |
| 005 - FECHA Y HORA DE LA ÚLTIMA TRANSACCIÓN | |
| campo de control | 20210219161145.0 |
| 008 - ELEMENTOS DE LONGITUD FIJA--INFORMACIÓN GENERAL | |
| campo de control de longitud fija | 991125s1985 mx 000 0 spa u |
| 035 ## - NÚMERO DE CONTROL DEL SISTEMA | |
| Número de control de sistema | UPN01000179695 |
| 222 ## - TÍTULO CLAVE | |
| Título clave | REVISTA DE EDUCACION |
| 245 ## - MENCIÓN DE TÍTULO | |
| Título | Algunas apreciaciones aritméticas sobre el fracaso y el abandono escolar en España |
| 260 ## - PUBLICACIÓN, DISTRIBUCIÓN, ETC. | |
| Lugar de publicación, distribución, etc. | Madrid, España |
| 300 ## - DESCRIPCIÓN FÍSICA | |
| Extensión | 307-324 |
| 362 0# - FECHAS DE PUBLICACIÓN Y/O DESIGNACIÓN SECUENCIAL | |
| Fecha de publicación y/o designación secuencial | 2010 No. extraordinario |
| 653 0# - TERMINO DE INDIZACION - NO CONTROLADO | |
| Término no controlado | DESERCION ESCOLAR |
| 653 0# - TERMINO DE INDIZACION - NO CONTROLADO | |
| Término no controlado | FRACASO ESCOLAR |
| 653 0# - TERMINO DE INDIZACION - NO CONTROLADO | |
| Término no controlado | INMIGRACION |
| 653 0# - TERMINO DE INDIZACION - NO CONTROLADO | |
| Término no controlado | MERCADO LABORAL |
| 905 ## - TIPO DE MATERIAL | |
| Tipo de material | Articulo |
No items available.
